00371cam a22001337a 4500008004000000020001500040082001300055245004700068260002800115300001000143650003400153650003300187700001700220180718b1995 xxu||||| |||| 00| 0 eng d a0631193774 aAB K588r aReligion and gendercedited by Ursula King aOxfordbBlackwellc1995 a324p. aReligion - Study and teaching aSex role - Religious aspects aKing, Ursula